Flagi miast województwa pomorskiego i zachodniopomorskiego - Statystyki

Ogólne statystyki
  • Ten quiz został rozwiązany 227 razy
  • Średni wynik to 5 z 15
Statystyki odpowiedzi
Obrazkowy Odpowiedź % Poprawnych
Gdańsk
95%
Gdynia
78%
Sopot
68%
Szczecin
62%
Słupsk
25%
Hel
23%
Jastarnia
22%
Świnoujście
22%
Malbork
21%
Ustka
18%
Koszalin
17%
Kościerzyna
12%
Kwidzyn
10%
Szczecinek
8%
Białogard
6%
Nie znaleziono quizów pasujących do podanych kryteriów
Rozkład punktacji
Procent ludzi z każdym wynikiem
Percentyl według liczby udzielonych odpowiedzi
Twoja historia wyników
Nie rozwiązałeś tego quizu